| 000 | 00471cam a22001577a 4500 | ||
|---|---|---|---|
| 008 | 180718b1999 xxu||||| |||| 00| 0 eng d | ||
| 020 | _a8173913196 | ||
| 082 | _aI5 W119 | ||
| 100 | _aWadia, Praveen | ||
| 245 |
_aModern management theory: an executive guide to corporate growth _cby Praveen Wadia |
||
| 260 |
_aNew Delhi _bKanishka _c1999 |
||
| 300 | _a278p. | ||
| 650 | _aManagerial economics | ||
| 650 | _aManagement - Decision making | ||
| 650 | _aManagement science | ||
| 999 |
_c393290 _d393290 |
||